Logo BPK

Biblioteka

Politechniki Koszalińskiej

Podstawy elektrotechniki: (Rekord nr 25843)

Szczegóły MARC
000 -ETYKIETA REKORDU
podpole kontrolne o stałej długości 00782nam a2200241 i 4500
001 - NUMER KONTROLNY REKORDU
pole kontrolne bg
003 - IDENTYFIKATOR NUMERU KONTROLNEGO REKORDU
podpole kontrolne BPK
005 - DATA OSTATNIEJ MODYFIKACJI REKORDU
podpole kontrolne 20200728092022.0
008 - POLE O STAŁEJ DŁUGOŚCI - DANE KONTROLNE
podpole kontrolne o stałej długości s1974 pl f f |000 0 pol
040 ## - ŹRÓDŁO KATALOGOWANIA
Instytucja, która utworzyła rekord BPK
041 ## - KOD JĘZYKA
Kod języka tekstu pol
080 ## - UNIWERSALNA KLASYFIKACJA DZIESIĘTNA - UKD
UKD 621.3
080 ## - UNIWERSALNA KLASYFIKACJA DZIESIĘTNA - UKD
UKD (075.8)
100 1# - NAZWA OSOBOWA
Nazwa osobowa Krakowski, Maciej
Daty związane z nazwą (1924-2004).
245 #0 - TYTUŁ/ODPOWIEDZIALNOŚĆ
Tytuł Podstawy elektrotechniki:
Ciąg dalszy tytułu dla studentów studium wieczorowego i zaocznego.
Oznaczenie części/sekcji dzieła Cz. 1 /
Pozostałe elementy strefy tytułu i oznaczenia odpowiedzialności Maciej Krakowski, Andrzej Koszmider.
250 ## - STREFA WYDANIA
Oznaczenie wydania Wyd.3 popr.
260 ## - STREFA ADRESU WYDAWNICZEGO
Miejsce wydania Łódz,
Data publikacji, dystrybucji/powstania dokumentu 1973.
655 ## - TERMIN INDEKSOWY - OKREŚLENIE RODZAJU/FORMY DOKUMENTU
Określenie rodzaju/formy dokumentu Podręczniki akademickie
650 #4 - HASŁO PRZEDMIOTOWE W FORMIE NAZWY OGÓLNEJ LUB JEDNOSTKOWEJ
Nazwa ogólna lub geograficzna Elektrotechnika
700 1# - HASŁO DODATKOWE - NAZWA OSOBOWA
Nazwa osobowa Koszmider, Andrzej
Daty związane z nazwą (1935- )
Określenie związku między hasłem a opisywanym materiałem Autor
856 ## - LOKALIZACJA I DOSTĘP DO ELEKTRONICZNYCH DOKUMENTÓW ZDALNYCH
Link (URL) http://koha.tu.koszalin.pl/cgi-bin/koha/opac-detail.pl?biblionumber=25843
Tekst linku Katalog online BPK
942 ## - DODATKOWE ELEMENTY (KOHA)
Typ dokumentu Książka
Schemat klasyfikacji Uniwersalna Klasyfikacja Dziesiętna
Egzemplarze
Wycofany Status egzemplarza Uszkodzony Dostępność Lokalizacja stała Lokalizacja bieżąca Miejsce przechowywania Sygnatura Kod kreskowy Ostatnio wypożyczono Typ dokumentu
      Dostępny Biblioteka Politechniki Koszalińskiej Biblioteka Politechniki Koszalińskiej Wypożyczalnia BG 16868 01137552 05.10.2018 Książka
© 2023 Biblioteka Politechniki Koszalińskiej :: KOHA